[Event "WchT Seniors 50"]
[Site "Radebeul"]
[Date "2016.07.04"]
[Round "9.1"]
[White "Anastasian, Ashot"]
[Black "Graf, Alexander"]
[Result "1-0"]
[WhiteElo "2532"]
[BlackElo "2561"]
[PlyCount "125"]
[EventDate "2016.06.26"]
[EventType "team-swiss"]
[EventRounds "9"]
[EventCountry "GER"]
[SourceTitle "CBM 173 Extra"]
[Source "ChessBase"]
[SourceDate "2016.08.29"]
[SourceVersion "1"]
[SourceVersionDate "2016.08.29"]
[SourceQuality "1"]
[WhiteTeam "Armenia"]
[BlackTeam "Lasker Gesellschaft"]
[WhiteTeamCountry "ARM"]
[BlackTeamCountry "GER"]

1. Nf3 d5 2. c4 c6 3. e3 Nf6 4. Nc3 Nbd7 5. Qc2 g6 6. cxd5 Nxd5 7. d4 Bg7 8. Nxd5 cxd5 9. Bd2 0-0 10. Be2 Nf6 11. 0-0 Ne4 12. Rfc1 Bf5 13. Qb3 Nxd2 14. Nxd2 Qb6 15. Bf3 Rad8 16. Qxb6 axb6 17. Rc7 e5 18. Nb3 e4 19. Bd1 Rd7 20. Rac1 Rfd8 21. Nd2 Bf8 22. Bb3 Be6 23. Rxd7 Rxd7 24. Ba4 Rd8 25. Nb1 Bd6 26. Bb3 Kg7 27. Nc3 Bb8 28. g3 Kf6 29. h4 h5 30. Kg2 Ke7 31. Ne2 Bg4 32. Nc3 Be6 33. Na4 Rd6 34. Nc3 Rd8 35. f3 exf3+ 36. Kxf3 Rd6 37. Kf2 Rd8 38. Ne2 Bd6 39. Nf4 Bxf4 40. gxf4 Kd6 41. Rc3 Rc8 42. Rxc8 Bxc8 43. e4 Be6 44. f5 gxf5 45. e5+ Ke7 46. Bd1 Kf8 47. Bxh5 Kg7 48. Kg3 Kh6 49. Be2 Kg6 50. Kf4 Kh6 51. a4 Kg6 52. b4 Kh6 53. a5 Bd7 54. Bf3 Be6 55. h5 b5 56. Bd1 Bc8 57. Bc2 Kxh5 58. Bxf5 Be6 59. Bd3 Bd7 60. e6 Bxe6 61. Bxb5 Kg6 62. Ke5 Kg5 63. Be8 1-0

[Event "WchT Seniors 50"]
[Site "Radebeul"]
[Date "2016.07.02"]
[Round "7.1"]
[White "Bischoff, Klaus"]
[Black "Anastasian, Ashot"]
[Result "1/2-1/2"]
[WhiteElo "2500"]
[BlackElo "2532"]
[PlyCount "117"]
[EventDate "2016.06.26"]
[EventType "team-swiss"]
[EventRounds "9"]
[EventCountry "GER"]
[SourceTitle "CBM 173 Extra"]
[Source "ChessBase"]
[SourceDate "2016.08.29"]
[SourceVersion "1"]
[SourceVersionDate "2016.08.29"]
[SourceQuality "1"]
[WhiteTeam "Germany"]
[BlackTeam "Armenia"]
[WhiteTeamCountry "GER"]
[BlackTeamCountry "ARM"]

1. c4 Nf6 2. Nc3 c5 3. Nf3 e6 4. e3 d5 5. cxd5 exd5 6. Bb5+ Bd7 7. Bxd7+ Qxd7 8. 0-0 Nc6 9. d4 Be7 10. dxc5 Bxc5 11. b3 0-0 12. Bb2 Rfd8 13. Rc1 Qe7 14. Nb5 Ne4 15. Nbd4 Qf8 16. Qe2 Rac8 17. Rfd1 Ba3 18. Bxa3 Qxa3 19. Nxc6 Rxc6 20. Rxc6 bxc6 21. Qc2 Qd6 22. Nd2 Nxd2 23. Rxd2 c5 24. g3 h5 25. h4 g6 26. Qd3 Qb6 27. Qe2 a5 28. Qf3 d4 29. exd4 cxd4 30. Qe4 Qd6 31. Rd3 Qc5 32. Rf3 Qd6 33. Rd3 Kg7 34. Kg2 Kh7 35. Kg1 Rd7 36. Kg2 Kg7 37. Kg1 f5 38. Qf3 Qe5 39. Qd1 f4 40. Kg2 Rd6 41. g4 Qd5+ 42. Kg1 Qe4 43. f3 Qe7 44. g5 Qe5 45. Kg2 Rd7 46. Rd2 Qc5 47. Qe2 Qf5 48. Qc4 Qe5 49. Re2 Qc7 50. Qxc7 Rxc7 51. Re4 d3 52. Kf2 Rc1 53. Rd4 Rc2+ 54. Ke1 Rxa2 55. Rxf4 Re2+ 56. Kd1 Rb2 57. Ra4 Rxb3 58. Rxa5 Rb4 59. Ra7+ 1/2-1/2

[Event "Dubai op 13th"]
[Site "Dubai"]
[Date "2011.04.10"]
[Round "1"]
[White "Khademalsharieh, Sarasadat"]
[Black "Anastasian, Ashot"]
[Result "1/2-1/2"]
[WhiteElo "2137"]
[BlackElo "2556"]
[PlyCount "149"]
[EventDate "2011.04.10"]
[EventType "swiss"]
[EventRounds "9"]
[EventCountry "UAE"]
[SourceTitle "CBM 141 Extra"]
[Source "ChessBase"]
[SourceDate "2011.05.03"]
[SourceVersion "1"]
[SourceVersionDate "2011.05.03"]
[SourceQuality "1"]

1. d4 c5 2. d5 e5 3. e4 d6 4. Nc3 Be7 5. Nf3 Nf6 6. Bb5+ Nbd7 7. a4 0-0 8. 0-0 a6 9. Be2 b6 10. Nd2 Ne8 11. Nc4 Bg5 12. Bg4 Rb8 13. g3 Bxc1 14. Qxc1 Ndf6 15. Bxc8 Qxc8 16. f4 Qh3 17. fxe5 Ng4 18. Qd2 Nxe5 19. Nxe5 dxe5 20. Qd3 Qc8 21. d6 c4 22. Qd5 Qc5+ 23. Qxc5 bxc5 24. Rad1 Nf6 25. Nd5 Nd7 26. Rb1 a5 27. Rf3 f6 28. Rc3 Kf7 29. Rxc4 Ke6 30. b3 Kxd6 31. Rd1 Ke6 32. Nc7+ Ke7 33. Nd5+ Kf7 34. Nc7 Rfd8 35. Na6 Rbc8 36. Rd5 Ke7 37. Rc3 c4 38. Rxa5 cxb3 39. Rxb3 Rxc2 40. Rb7 Rd2 41. Nc5 Rc8 42. Rxd7+ Rxd7 43. Nxd7 Kxd7 44. Kf2 Rc2+ 45. Ke3 Ke6 46. Ra7 g5 47. Rxh7 Rc3+ 48. Ke2 Rc4 49. Kf3 Rxa4 50. h3 Ra3+ 51. Kf2 Ra2+ 52. Kf3 Rh2 53. h4 gxh4 54. Rxh4 Rd2 55. Rh7 Rd3+ 56. Kf2 Rd8 57. Ra7 Rf8 58. Ke3 Rf7 59. Ra6+ Ke7 60. Ra7+ Kf8 61. Ra8+ Kg7 62. Rb8 Kg6 63. Ra8 Rb7 64. Rg8+ Kf7 65. Ra8 Rb3+ 66. Kf2 Ke7 67. Ra7+ Kd6 68. Ra8 Kc5 69. Rd8 Kc4 70. Rd6 Ra3 71. g4 Rc3 72. Rxf6 Kd4 73. g5 Kxe4 74. g6 Rc2+ 75. Kf1 1/2-1/2

[Event "ARM-ch 71st"]
[Site "Yerevan"]
[Date "2011.01.20"]
[Round "3"]
[White "Anastasian, Ashot"]
[Black "Petrosian, Davit Gevorgi"]
[Result "1/2-1/2"]
[WhiteElo "2578"]
[BlackElo "2485"]
[PlyCount "105"]
[EventDate "2011.01.10"]
[EventType "tourn"]
[EventRounds "11"]
[EventCountry "ARM"]
[EventCategory "13"]
[SourceTitle "CBM 141"]
[Source "ChessBase"]
[SourceDate "2011.03.17"]
[SourceVersion "1"]
[SourceVersionDate "2011.03.17"]
[SourceQuality "1"]

1. d4 Nf6 2. Bg5 e6 3. e3 c5 4. c3 Qb6 5. Qb3 d5 6. Nd2 Nc6 7. Ngf3 h6 8. Bh4 Qxb3 9. axb3 g5 10. Bg3 Nh5 11. Bb5 Nxg3 12. hxg3 f6 13. dxc5 Bxc5 14. e4 Bd7 15. exd5 exd5 16. b4 Bb6 17. Nb3 Ne5 18. Bxd7+ Kxd7 19. Rd1 Rae8 20. 0-0 Nxf3+ 21. gxf3 Kc6 22. Rd2 h5 23. Rfd1 h4 24. g4 Re5 25. Nd4+ Bxd4 26. Rxd4 f5 27. b5+ Kc5 28. b4+ Kxb5 29. Rxd5+ Rxd5 30. Rxd5+ Kc4 31. Rxf5 Kxc3 32. b5 Rg8 33. Kg2 a5 34. bxa6 bxa6 35. Kh3 Kb3 36. f4 gxf4 37. Kxh4 Ra8 38. g5 a5 39. g6 a4 40. Kg5 a3 41. g7 a2 42. Rf8 Ra5+ 43. Kxf4 a1Q 44. g8Q+ Ka3 45. Qg3+ Ka2 46. Qg8+ Ka3 47. Qc4 Qe5+ 48. Kf3 Qh5+ 49. Ke3 Qe5+ 50. Kf3 Qh5+ 51. Ke3 Qe5+ 52. Kf3 Qh5+ 53. Ke4 1/2-1/2

[Event "Abu Dhabi op 20th"]
[Site "Abu Dhabi"]
[Date "2010.08.20"]
[Round "9"]
[White "Anastasian, Ashot"]
[Black "Arun Prasad, Subramanian"]
[Result "1/2-1/2"]
[WhiteElo "2578"]
[BlackElo "2535"]
[PlyCount "106"]
[EventDate "2010.08.12"]
[EventType "swiss"]
[EventRounds "9"]
[EventCountry "UAE"]
[SourceTitle "CBM 137 Extra"]
[Source "ChessBase"]
[SourceDate "2010.09.01"]
[SourceVersion "1"]
[SourceVersionDate "2010.09.01"]
[SourceQuality "1"]

1. c4 c6 2. Nf3 d5 3. e3 Nf6 4. Nc3 e6 5. b3 Nbd7 6. Qc2 b6 7. Bb2 Bb7 8. Be2 Bd6 9. 0-0 0-0 10. Rac1 Rc8 11. Qb1 a6 12. d4 Qe7 13. Rfd1 Rfd8 14. h3 Bb8 15. a4 c5 16. cxd5 exd5 17. Qf5 Qe6 18. Bd3 cxd4 19. Nxd4 Qd6 20. g3 Nc5 21. Bf1 Nce4 22. Nxe4 Nxe4 23. Qf3 g6 24. Bd3 Qe7 25. h4 h5 26. Qe2 Nc5 27. Bf5 Rc7 28. Bh3 Ne4 29. Rxc7 Bxc7 30. Rc1 Be5 31. Bg2 Bg7 32. Nf3 Rc8 33. Rxc8+ Bxc8 34. Bxg7 Kxg7 35. Qb2+ Qf6 36. Nd4 a5 37. Bxe4 dxe4 38. Qc2 Bb7 39. Qc7 Ba6 40. Qc3 Kh7 41. b4 axb4 42. Qxb4 Bd3 43. a5 bxa5 44. Qxa5 Kg7 45. Kg2 Qd6 46. Qa4 Qc5 47. Qa1 Kh7 48. Qa2 Kg7 49. Qb2 Qe5 50. Qc3 Qf6 51. Qc5 Kg8 52. Qc7 Kg7 53. Qb8 Bc4 1/2-1/2

[Event "Abu Dhabi op 20th"]
[Site "Abu Dhabi"]
[Date "2010.08.19"]
[Round "8"]
[White "Sturua, Zurab"]
[Black "Anastasian, Ashot"]
[Result "1-0"]
[WhiteElo "2512"]
[BlackElo "2578"]
[PlyCount "53"]
[EventDate "2010.08.12"]
[EventType "swiss"]
[EventRounds "9"]
[EventCountry "UAE"]
[SourceTitle "CBM 137 Extra"]
[Source "ChessBase"]
[SourceDate "2010.09.01"]
[SourceVersion "1"]
[SourceVersionDate "2010.09.01"]
[SourceQuality "1"]

1. d4 d5 2. c4 dxc4 3. Nf3 Nf6 4. Nc3 a6 5. e4 b5 6. e5 Nd5 7. a4 e6 8. axb5 Nb6 9. Be3 Be7 10. Nd2 Bb7 11. Nxc4 Nxc4 12. Bxc4 0-0 13. Qg4 g6 14. Bh6 Re8 15. 0-0 axb5 16. Bxb5 c6 17. Rxa8 Bxa8 18. Ba4 Qb6 19. d5 Qxb2 20. dxe6 Qxc3 21. exf7+ Kxf7 22. Rc1 Qb4 23. Qf3+ Ke6 24. Qh3+ Kxe5 25. Rd1 Qxa4 26. Bg7+ Kf4 27. Qg3+ 1-0

[Event "Abu Dhabi op 20th"]
[Site "Abu Dhabi"]
[Date "2010.08.16"]
[Round "5"]
[White "Anastasian, Ashot"]
[Black "Grigoryan, Avetik"]
[Result "1/2-1/2"]
[WhiteElo "2578"]
[BlackElo "2584"]
[PlyCount "37"]
[EventDate "2010.08.12"]
[EventType "swiss"]
[EventRounds "9"]
[EventCountry "UAE"]
[SourceTitle "CBM 137 Extra"]
[Source "ChessBase"]
[SourceDate "2010.09.01"]
[SourceVersion "1"]
[SourceVersionDate "2010.09.01"]
[SourceQuality "1"]

1. d4 Nf6 2. c4 e6 3. Nc3 Bb4 4. Qc2 0-0 5. a3 Bxc3+ 6. Qxc3 d5 7. Bg5 dxc4 8. Qxc4 b6 9. Rd1 Ba6 10. Qc2 h6 11. Bh4 Nbd7 12. e4 Bxf1 13. Kxf1 Qc8 14. Qc6 Qa6+ 15. Ne2 Rac8 16. f3 Nb8 17. Qc3 Nbd7 18. Qc6 Nb8 19. Ke1 1/2-1/2

[Event "Abu Dhabi op 20th"]
[Site "Abu Dhabi"]
[Date "2010.08.15"]
[Round "4"]
[White "Korobov, Anton"]
[Black "Anastasian, Ashot"]
[Result "1/2-1/2"]
[WhiteElo "2657"]
[BlackElo "2578"]
[PlyCount "24"]
[EventDate "2010.08.12"]
[EventType "swiss"]
[EventRounds "9"]
[EventCountry "UAE"]
[SourceTitle "CBM 137 Extra"]
[Source "ChessBase"]
[SourceDate "2010.09.01"]
[SourceVersion "1"]
[SourceVersionDate "2010.09.01"]
[SourceQuality "1"]

1. d4 Nf6 2. c4 e6 3. Nc3 Bb4 4. e3 Bxc3+ 5. bxc3 c5 6. Bd3 d6 7. Ne2 Nc6 8. e4 e5 9. dxc5 dxc5 10. Ng3 0-0 11. 0-0 Be6 12. Qe2 Qa5 1/2-1/2

[Event "ARM-ch"]
[Site "Yerevan"]
[Date "2009.01.25"]
[Round "13"]
[White "Chibukhchian, Artur"]
[Black "Anastasian, Ashot"]
[Result "1-0"]
[WhiteElo "2444"]
[BlackElo "2559"]
[PlyCount "121"]
[EventDate "2009.01.12"]
[EventType "tourn"]
[EventRounds "13"]
[EventCountry "ARM"]
[EventCategory "12"]
[SourceTitle "CBM 129"]
[Source "ChessBase"]
[SourceDate "2009.03.25"]
[SourceVersion "1"]
[SourceVersionDate "2009.03.25"]
[SourceQuality "1"]

1. Nf3 c5 2. e4 Nc6 3. Nc3 e5 4. Bc4 Be7 5. d3 d6 6. 0-0 Nf6 7. Ng5 0-0 8. f4 exf4 9. Bxf4 h6 10. Nf3 Be6 11. Qe1 d5 12. exd5 Nxd5 13. Bd2 Nc7 14. Qg3 Bd6 15. Qf2 Nd4 16. Nxd4 cxd4 17. Ne4 Bxc4 18. dxc4 Ne6 19. Bxh6 Be5 20. Bd2 d3 21. c3 Rc8 22. Qf5 Qb6+ 23. Kh1 f6 24. b3 Rfd8 25. Rf3 Nf8 26. Re1 Qe6 27. Qh5 Qf7 28. Qxf7+ Kxf7 29. Ree3 Ne6 30. Rxd3 Ke7 31. g3 a6 32. Bc1 b5 33. Ba3+ Kf7 34. cxb5 axb5 35. Bb4 g5 36. Kg2 Kg6 37. Nf2 Rxd3 38. Nxd3 Bb8 39. Re3 Ng7 40. g4 Rd8 41. a4 bxa4 42. bxa4 f5 43. h3 f4 44. Rf3 Ne6 45. a5 Kf6 46. Kf1 Ba7 47. Ke2 Nc7 48. Bc5 Bxc5 49. Nxc5 Ra8 50. Ne4+ Ke5 51. Nxg5 Rxa5 52. Nf7+ Ke4 53. Nd6+ Kd5 54. Rd3+ Ke6 55. Kf3 Nd5 56. c4 Nb4 57. Nb7 Ra7 58. Nd8+ Kf6 59. Rb3 Ra4 60. Kxf4 Nc2 61. Rb6+ 1-0

[Event "ARM-ch"]
[Site "Yerevan"]
[Date "2009.01.22"]
[Round "10"]
[White "Anastasian, Ashot"]
[Black "Melkumyan, Hrant"]
[Result "0-1"]
[WhiteElo "2559"]
[BlackElo "2519"]
[PlyCount "76"]
[EventDate "2009.01.12"]
[EventType "tourn"]
[EventRounds "13"]
[EventCountry "ARM"]
[EventCategory "12"]
[SourceTitle "CBM 129"]
[Source "ChessBase"]
[SourceDate "2009.03.25"]
[SourceVersion "1"]
[SourceVersionDate "2009.03.25"]
[SourceQuality "1"]

1. d4 Nf6 2. c4 e6 3. Nf3 d5 4. Nc3 dxc4 5. Qa4+ c6 6. Qxc4 b5 7. Qb3 a6 8. Bg5 c5 9. Bxf6 gxf6 10. dxc5 Bb7 11. Rd1 Nd7 12. g3 Qa5 13. a3 Nxc5 14. Qc2 Ne4 15. Bg2 Nxc3 16. bxc3 Rc8 17. 0-0 Qxc3 18. Qb1 Bxa3 19. Rd3 Qb2 20. Qd1 0-0 21. Rd7 Be4 22. Nd4 Bxg2 23. Kxg2 Rcd8 24. Rxd8 Rxd8 25. e3 Qa2 26. Qg4+ Kh8 27. Rd1 Qd5+ 28. e4 Qa8 29. Kh3 Be7 30. Qh5 Qc8 31. f3 Rf8 32. Ra1 Qc3 33. Rd1 Qc5 34. Qh4 Rd8 35. Nb3 Qg5 36. Qxg5 fxg5 37. Ra1 Rd3 38. Na5 Ra3 0-1

[Event "ARM-ch"]
[Site "Yerevan"]
[Date "2009.01.20"]
[Round "8"]
[White "Anastasian, Ashot"]
[Black "Kotanjian, Tigran"]
[Result "1/2-1/2"]
[WhiteElo "2559"]
[BlackElo "2568"]
[PlyCount "58"]
[EventDate "2009.01.12"]
[EventType "tourn"]
[EventRounds "13"]
[EventCountry "ARM"]
[EventCategory "12"]
[SourceTitle "CBM 129"]
[Source "ChessBase"]
[SourceDate "2009.03.25"]
[SourceVersion "1"]
[SourceVersionDate "2009.03.25"]
[SourceQuality "1"]

1. d4 d5 2. c4 e6 3. cxd5 exd5 4. Nc3 c6 5. Nf3 Bf5 6. Bf4 Nf6 7. e3 Bd6 8. Bg3 0-0 9. Be2 Re8 10. Qb3 Bxg3 11. hxg3 Qb6 12. Nh4 Be4 13. f3 Bg6 14. Nxg6 fxg6 15. Qxb6 axb6 16. Kd2 b5 17. a4 bxa4 18. Nxa4 Nbd7 19. g4 g5 20. Nc3 g6 21. Rhc1 Kf7 22. Nd1 Nb6 23. Nf2 Nfd7 24. b3 Rxa1 25. Rxa1 Ra8 26. Rxa8 Nxa8 27. e4 Nc7 28. exd5 cxd5 29. Nd3 Kf6 1/2-1/2

[Event "ARM-ch"]
[Site "Yerevan"]
[Date "2009.01.13"]
[Round "2"]
[White "Anastasian, Ashot"]
[Black "Danielian, Elina"]
[Result "1/2-1/2"]
[WhiteElo "2559"]
[BlackElo "2496"]
[PlyCount "66"]
[EventDate "2009.01.12"]
[EventType "tourn"]
[EventRounds "13"]
[EventCountry "ARM"]
[EventCategory "12"]
[SourceTitle "CBM 129"]
[Source "ChessBase"]
[SourceDate "2009.03.25"]
[SourceVersion "1"]
[SourceVersionDate "2009.03.25"]
[SourceQuality "1"]

1. Nf3 d5 2. c4 c6 3. e3 Nf6 4. Nc3 e6 5. b3 Nbd7 6. Qc2 b6 7. Be2 Bb7 8. 0-0 Rc8 9. Bb2 Bd6 10. d4 0-0 11. Rfd1 Qe7 12. a4 c5 13. cxd5 cxd4 14. Rxd4 Nxd5 15. Bc4 Ne5 16. Bxd5 Bxd5 17. Qd1 Bxf3 18. gxf3 Bc5 19. Rf4 Rfd8 20. Qe2 f5 21. Nb5 Ng6 22. Rc4 a6 23. Nd4 Ne5 24. Rcc1 Qb7 25. Kg2 Ng6 26. Kf1 Nh4 27. Nxe6 Nxf3 28. Nxd8 Rxd8 29. Rd1 Nxh2+ 30. Kg1 Nf3+ 31. Kf1 Nh2+ 32. Kg1 Nf3+ 33. Kf1 Nh2+ 1/2-1/2

[Event "EU-Cup 24th"]
[Site "Kallithea"]
[Date "2008.10.23"]
[Round "7"]
[White "Anastasian, Ashot"]
[Black "Meins, Gerlef"]
[Result "1/2-1/2"]
[WhiteElo "2565"]
[BlackElo "2460"]
[PlyCount "69"]
[EventDate "2008.10.17"]
[EventType "team-swiss"]
[EventRounds "7"]
[EventCountry "GRE"]
[SourceTitle "CBM 127"]
[Source "ChessBase"]
[SourceDate "2008.11.13"]
[SourceVersion "1"]
[SourceVersionDate "2008.11.13"]
[SourceQuality "1"]
[WhiteTeam "Bank King"]
[BlackTeam "Werder Bremen"]
[WhiteTeamCountry "ARM"]
[BlackTeamCountry "GER"]

1. Nf3 Nf6 2. c4 c5 3. Nc3 e6 4. g3 b6 5. Bg2 Bb7 6. 0-0 Be7 7. Re1 d5 8. cxd5 Nxd5 9. Nxd5 Qxd5 10. d3 0-0 11. Bd2 Bf6 12. Bc3 Bxc3 13. bxc3 Nc6 14. Nd4 Qd7 15. Nxc6 Bxc6 16. Bxc6 Qxc6 17. c4 e5 18. Qc2 Rfe8 19. f3 f5 20. a4 a5 21. e4 Rad8 22. Kg2 Rd4 23. exf5 Qd7 24. Re3 Qxf5 25. Qe2 Qd7 26. Ra3 Qd6 27. h4 h6 28. Rb3 Re6 29. Rb1 Qd7 30. Qc2 Red6 31. Rd1 Re6 32. Rde1 Red6 33. Rd1 Re6 34. Re4 Red6 35. Re3 1/2-1/2

[Event "EU-ch 9th"]
[Site "Plovdiv"]
[Date "2008.04.29"]
[Round "8"]
[White "Anastasian, Ashot"]
[Black "Collas, Didier"]
[Result "1-0"]
[WhiteElo "2560"]
[BlackElo "2446"]
[PlyCount "73"]
[EventDate "2008.04.21"]
[EventType "swiss"]
[EventRounds "11"]
[EventCountry "BUL"]
[SourceTitle "CBM 124"]
[Source "ChessBase"]
[SourceDate "2008.05.28"]
[SourceVersion "1"]
[SourceVersionDate "2008.05.28"]
[SourceQuality "1"]

1. Nf3 d5 2. g3 c6 3. Bg2 Bg4 4. c4 e6 5. cxd5 exd5 6. 0-0 Nf6 7. Qb3 Qb6 8. Qc2 Nbd7 9. Nc3 Be7 10. d3 Bxf3 11. Bxf3 d4 12. Nb1 Ne5 13. Bg2 0-0 14. Nd2 a5 15. b3 Rfe8 16. Rb1 Nfd7 17. Nc4 Qc7 18. Bf4 Bd6 19. Nxd6 Qxd6 20. Bd2 h5 21. b4 axb4 22. Rxb4 Nc5 23. Rc1 Ned7 24. Bf3 g6 25. Bf4 Qe6 26. a4 Qf6 27. h4 Ra7 28. Qb2 Ne6 29. Bd6 Ne5 30. Bxe5 Qxe5 31. Rxb7 Rxa4 32. Bxc6 Rea8 33. Bxa4 Rxa4 34. Qb5 Qxb5 35. Rxb5 Ra2 36. Kf1 Kg7 37. Rd5 1-0

[Event "EU-ch 9th"]
[Site "Plovdiv"]
[Date "2008.04.23"]
[Round "3"]
[White "Ivanisevic, Ivan"]
[Black "Anastasian, Ashot"]
[Result "1-0"]
[WhiteElo "2649"]
[BlackElo "2560"]
[PlyCount "67"]
[EventDate "2008.04.21"]
[EventType "swiss"]
[EventRounds "11"]
[EventCountry "BUL"]
[SourceTitle "CBM 124"]
[Source "ChessBase"]
[SourceDate "2008.05.28"]
[SourceVersion "1"]
[SourceVersionDate "2008.05.28"]
[SourceQuality "1"]

1. d4 Nf6 2. Nf3 e6 3. c4 b6 4. g3 Ba6 5. Nbd2 Bb4 6. Qc2 Bb7 7. Bg2 0-0 8. 0-0 Bxd2 9. Bxd2 Be4 10. Qa4 d6 11. Rfd1 Nbd7 12. Rac1 a6 13. Qa3 a5 14. Bh3 h6 15. Ne1 c5 16. Bf4 Ne8 17. Qe3 Ndf6 18. f3 Bh7 19. Qd2 Qb8 20. Be3 e5 21. dxe5 dxe5 22. Ng2 e4 23. Bf4 Qb7 24. Ne3 Qe7 25. Qc3 Rd8 26. Qe5 Rxd1+ 27. Rxd1 Qb7 28. Kf2 exf3 29. exf3 Qc6 30. Qe7 Qa4 31. Rd8 Qxa2 32. Bd6 Qxb2+ 33. Kg1 Qc1+ 34. Nf1 1-0

[Event "ARM-ch 68th"]
[Site "Yerevan"]
[Date "2008.01.08"]
[Round "1"]
[White "Petrosian, Tigran L"]
[Black "Anastasian, Ashot"]
[Result "1-0"]
[WhiteElo "2606"]
[BlackElo "2562"]
[PlyCount "81"]
[EventDate "2008.01.08"]
[EventType "tourn"]
[EventRounds "13"]
[EventCountry "ARM"]
[EventCategory "12"]
[SourceTitle "CBM 122"]
[Source "ChessBase"]
[SourceDate "2008.01.30"]
[SourceVersion "1"]
[SourceVersionDate "2008.01.30"]
[SourceQuality "1"]

1. e4 c5 2. Nf3 e6 3. Nc3 a6 4. d4 cxd4 5. Nxd4 b5 6. g3 Bb7 7. Bg2 Nc6 8. 0-0 Nge7 9. Nb3 Na5 10. Nc5 Nec6 11. Nxb7 Nxb7 12. e5 Rc8 13. Re1 Be7 14. Qg4 Kf8 15. h4 h5 16. Qd1 d5 17. exd6 Nxd6 18. Bf4 g6 19. Bxc6 Rxc6 20. Qf3 Qc8 21. Be5 Rg8 22. Qf4 Nc4 23. Qh6+ Ke8 24. Qh7 Rf8 25. Bg7 Nxb2 26. Ne4 Nc4 27. Bxf8 Bxf8 28. Ng5 Qc7 29. Nxe6 fxe6 30. Rxe6+ Kd8 31. Rd1+ Rd6 32. Rdxd6+ Nxd6 33. Qg8 Kd7 34. Rxg6 Qd8 35. Qe6+ Kc7 36. Rg5 Nc4 37. Qxa6 Qd1+ 38. Kh2 Qf3 39. Qa7+ Kd8 40. Rxb5 Bd6 41. Rg5 1-0

[Event "EU-Cup 23rd"]
[Site "Kemer"]
[Date "2007.10.05"]
[Round "3.6"]
[White "Predojevic, Borki"]
[Black "Anastasian, Ashot"]
[Result "0-1"]
[WhiteElo "2645"]
[BlackElo "2571"]
[PlyCount "76"]
[EventDate "2007.10.03"]
[EventType "team-swiss"]
[EventRounds "7"]
[EventCountry "TUR"]
[SourceTitle "CBM 121"]
[Source "ChessBase"]
[SourceDate "2007.11.14"]
[SourceVersion "1"]
[SourceVersionDate "2007.11.14"]
[SourceQuality "1"]
[WhiteTeam "Sarajevo Bosna"]
[BlackTeam "Yerevan"]
[WhiteTeamCountry "BIH"]
[BlackTeamCountry "ARM"]

1. e4 c6 2. d4 d5 3. exd5 cxd5 4. c4 Nf6 5. Nc3 Nc6 6. Nf3 Bg4 7. cxd5 Nxd5 8. Qb3 Bxf3 9. gxf3 e6 10. Qxb7 Nxd4 11. Bb5+ Nxb5 12. Qc6+ Ke7 13. Qxb5 Qd7 14. Nxd5+ Qxd5 15. Qxd5 exd5 16. 0-0 Rd8 17. Rd1 d4 18. Bf4 Ke6 19. Rac1 g5 20. Be3 Bg7 21. Rc6+ Kd5 22. Rc7 Be5 23. Rxa7 Ke6 24. Bd2 Ra8 25. Rb7 Rxa2 26. Re1 Rg8 27. Kf1 f6 28. h4 h6 29. f4 gxf4 30. Bxf4 Kd5 31. Bxe5 fxe5 32. Rb5+ Kc4 33. Rbxe5 Rxb2 34. R5e2 Rxe2 35. Kxe2 Re8+ 36. Kd2 Rxe1 37. Kxe1 Kd3 38. Kd1 h5 0-1

[Event "EU-Cup 23rd"]
[Site "Kemer"]
[Date "2007.10.04"]
[Round "2.6"]
[White "Anastasian, Ashot"]
[Black "Farago, Ivan"]
[Result "1-0"]
[WhiteElo "2571"]
[BlackElo "2504"]
[PlyCount "80"]
[EventDate "2007.10.03"]
[EventType "team-swiss"]
[EventRounds "7"]
[EventCountry "TUR"]
[SourceTitle "CBM 121"]
[Source "ChessBase"]
[SourceDate "2007.11.14"]
[SourceVersion "1"]
[SourceVersionDate "2007.11.14"]
[SourceQuality "1"]
[WhiteTeam "Yerevan"]
[BlackTeam "Nagykanizsa"]
[WhiteTeamCountry "ARM"]
[BlackTeamCountry "HUN"]

1. d4 e6 2. c4 Nf6 3. Nc3 Bb4 4. Qc2 d5 5. a3 Bxc3+ 6. Qxc3 c5 7. dxc5 d4 8. Qc2 0-0 9. g3 a5 10. Bg2 Na6 11. Nf3 Nxc5 12. 0-0 d3 13. exd3 Qxd3 14. Qxd3 Nxd3 15. Rd1 Nc5 16. Be3 Nb3 17. Rab1 e5 18. Nd2 Nd4 19. Bxd4 exd4 20. Ne4 Nxe4 21. Bxe4 Rd8 22. Rd3 Be6 23. Rbd1 Bxc4 24. Rxd4 Rxd4 25. Rxd4 Be6 26. Bxb7 Rb8 27. b4 Kf8 28. Bc6 axb4 29. axb4 Ke7 30. b5 Rc8 31. Kg2 Rc7 32. Kf3 Bc8 33. Ke4 Be6 34. f4 g6 35. Kd3 Ra7 36. Kc3 Ra2 37. b6 Ra3+ 38. Kb4 Rb3+ 39. Kc5 Rc3+ 40. Kb5 Rb3+ 1-0